• 首页
  • 本馆介绍
  • 公告通知
  • 最新文献
  • 馆藏检索
  • 电子资源
  • 读者导购
  • 参考咨询
  • 我的图书馆
  • 登录
  • 详细信息显示
  • 放入我的书架
  • 预约/预借图书
  • 作者相关作品
  • 分类相关作品
  • 丛书相关作品
  • 出版社相关作品

书目信息

  • 表格格式
  • 工作单格式
  • 卡片格式
书名: Women pioneers of science
作者: by Louis Haber.
分册号:
分册名:
出版地: New York :
 
出版社: Harcourt Brace Jovanovich
出版时间: c1979.
页数: xvii, 171 p. :
开本: 22 cm.
丛书名:
中图分类号:
科图分类号:
其他分类号: H319.4
主题词:
电子资源:
000 01029cam 2200337 i 45x0
001 E0732277025
003 OCoLC
005 20070227085816.73
008 030428s1979 nyuc j b 001 0deng
010    @a 79087517
020    @a0152992022.
040    @aDLC@cDLC
042    @alcac
050 00 @aQ141@b.H215
082 00 @a509/.2/2@aB
090    @aN029/W9
090    @aH319.4
099    @dH319.4@ex133
100 1  @aHaber, Louis.
245 10 @aWomen pioneers of science / @cby Louis Haber.
250    @a1st ed.
260    @aNew York :@bHarcourt Brace Jovanovich,@cc1979.
300    @axvii, 171 p. :@bports. ;@c22 cm.
500    @aIncludes index.
504    @aBibliography: p. 159-165.
520    @aBiographies of 12 women pioneers and leaders in a variety of scientific fields.
650  0 @aWomen in science@xJuvenile literature.
650  0 @aWomen scientists@xBiography@xJuvenile literature.
650  1 @aWomen scientists.
650  1 @aScientists.
920    @a232010@z2
    
    Women pioneers of science / / by Louis Haber.-1st ed.-New York : : Harcourt Brace Jovanovich, , c1979.
    xvii, 171 p. : : ports. ; ; 22 cm.
    Includes index.-Bibliography: p. 159-165.-Biographies of 12 women pioneers and leaders in a variety of scientific fields.
    
    ISBN 0152992022.
    Biographies of 12 women pioneers and leaders in a variety of scientific fields.
●
相关链接 在E读中查询图书 在五车中查询图书 在当当中查询图书 在豆瓣中查询图书


正题名:Women pioneers of science     索取号:H319.4/x133         预约/预借

序号 登录号 条形码 馆藏地/架位号 状态 备注
1 123683   001197537   第四借阅区/ [索取号:H319.4/x133] 在馆    
2 123684   001197500   第四借阅区/ [索取号:H319.4/x133] 在馆    
3 123685   001197528   第二样本阅览室/ [索取号:H319.4/x133] 在馆    
唐山师范学院图书馆 欢迎您!
大连网信软件有限公司© 版权所有